Сб. 67 : Актуальные вопросы проектирования в области подземных, горных и специальных работ: [сборник]; Труды Гидропроекта

מידע ביבליוגרפי
Parent link:Труды Гидропроекта: [сборник]/ Всесоюзный проектно-изыскательский и научно-исследовательский институт "ГИДРОПРОЕКТ" имени С. Я. Жука. Сб. 67 : Актуальные вопросы проектирования в области подземных, горных и специальных работ.— , 1958-1989
מחברים אחרים: Попов А. (редактор)
שפה:רוסית
יצא לאור: 1978
נושאים:
פורמט: MixedMaterials ספר
KOHA link:https://koha.lib.tpu.ru/cgi-bin/koha/opac-detail.pl?biblionumber=331759

MARC

LEADER 00000nam2a2200000 4500
001 331759
005 20250131172408.0
035 |a (RuTPU)RU\TPU\book\357618 
035 |a RU\TPU\book\357617 
090 |a 331759 
100 |a 20170503d1978 k y0rusy50 ca 
101 0 |a rus 
102 |a RU 
105 |a a z 001zy 
200 0 |a Сб. 67 : Актуальные вопросы проектирования в области подземных, горных и специальных работ  |e [сборник]  |f под ред. А. Попова 
210 |d 1978 
215 |a 142 с.  |c ил. 
320 |a Библиогр. в конце статей 
461 1 |0 (RuTPU)RU\TPU\book\287148  |t Труды Гидропроекта  |o [сборник]  |f Всесоюзный проектно-изыскательский и научно-исследовательский институт "ГИДРОПРОЕКТ" имени С. Я. Жука  |v Сб. 67 : Актуальные вопросы проектирования в области подземных, горных и специальных работ  |d 1958-1989 
500 1 0 |a Труды Гидропроекта  |9 88828 
606 1 |a Гидротехническое строительство  |x В целом  |2 stltpush  |3 (RuTPU)RU\TPU\subj\6989  |9 34737 
610 1 |a дымовые трубы 
610 1 |a градирни 
610 1 |a подземные работы 
610 1 |a горные работы 
610 1 |a специальные работы 
610 1 |a туннельные разработки 
610 1 |a инженерная геология 
610 1 |a буровзрывные работы 
610 1 |a геофизические исследования 
610 1 |a зимнее бетонирование 
675 |a 626/628  |v 4 
702 1 |a Попов  |b А.  |4 340 
801 1 |a RU  |b 63413507  |c 20150110 
801 2 |a RU  |b 63413507  |c 20171129  |g RCR 
942 |c BK